[Event "ROM-chT2"]
[Site "Sovata"]
[Date "1997.??.??"]
[Round "2"]
[White "Voinea, Aurelian"]
[Black "Ionescu, Cristian Dan"]
[Result "0-1"]
[WhiteElo "2185"]
[BlackElo "2270"]
[PlyCount "118"]
[EventDate "1997.10.??"]
[EventType "team-tourn"]
[EventRounds "7"]
[EventCountry "ROU"]
[SourceTitle "EXT 2000"]
[Source "ChessBase"]
[SourceDate "1999.11.16"]
[SourceVersion "1"]
[SourceVersionDate "1999.11.16"]
[SourceQuality "1"]

1. e4 c5 2. Nf3 d6 3. d4 cxd4 4. Nxd4 Nf6 5. Nc3 Nc6 6. Bg5 e6 7. Bc4 Be7 8. 0-0 0-0 9. Be3 a6 10. a4 Qc7 11. Be2 Ne5 12. f4 Nc4 13. Bc1 e5 14. fxe5 dxe5 15. Nb3 Be6 16. Qe1 Rac8 17. h3 Kh8 18. Kh1 Qc6 19. Bd3 Qc7 20. Rb1 Rfd8 21. Qg3 Kg8 22. Kh2 g6 23. Bh6 Nxb2 24. Rxb2 Qxc3 25. Rbb1 Qc7 26. Be3 b5 27. axb5 axb5 28. Qf2 Nd7 29. Kh1 b4 30. Kh2 Ra8 31. Kh1 Rdc8 32. Kh2 Ra2 33. Rfc1 Qd8 34. Qd2 Rc3 35. Qd1 Qc7 36. Bd2 Rc6 37. Qe1 Qb8 38. Kh1 Rc8 39. Kh2 Qb6 40. Be3 Qc7 41. Bd2 Qb6 42. Be3 Qb7 43. Bd2 Ra4 44. Rb2 Nb6 45. Rcb1 Nc4 46. Bxc4 Rxc4 47. Nc1 Rxe4 48. Qf2 Rc4 49. Nd3 e4 50. Nf4 Bd6 51. g3 Qc8 52. Nxe6 Qxe6 53. Bf4 Ra3 54. Qd2 Bf8 55. Qd8 Rc8 56. Qd4 Rac3 57. Rc1 e3 58. Qe5 Qc4 59. h4 h5 0-1

[Event "ROM-chT"]
[Site "Calarasi"]
[Date "1995.??.??"]
[Round "?"]
[White "Dragomirescu, Calin"]
[Black "Voinea, Aurelian"]
[Result "1-0"]
[WhiteElo "2225"]
[BlackElo "2265"]
[PlyCount "77"]
[EventDate "1995.??.??"]
[EventType "team"]
[EventRounds "9"]
[EventCountry "ROU"]
[SourceTitle "EXT 1999"]
[Source "ChessBase"]
[SourceDate "1998.11.16"]
[SourceVersion "1"]
[SourceVersionDate "1998.11.16"]
[SourceQuality "1"]

1. d4 Nf6 2. Nf3 e6 3. g3 c5 4. Bg2 Nc6 5. 0-0 d5 6. c4 dxc4 7. Qa4 Bd7 8. Qxc4 b5 9. Qd3 c4 10. Qd1 Rc8 11. Nc3 b4 12. Nb1 Qb6 13. Bg5 Be7 14. Nbd2 Nxd4 15. Ne5 Bb5 16. e3 c3 17. exd4 cxd2 18. Qxd2 Bxf1 19. Rxf1 0-0 20. h4 Rfd8 21. Qe2 h6 22. Be3 Qc7 23. g4 Nd5 24. g5 Nxe3 25. fxe3 Rf8 26. gxh6 Qc2 27. Qg4 g6 28. Be4 Qd2 29. h7+ Kh8 30. Qf4 Rc1 31. Rxc1 Qxc1+ 32. Kg2 Qd2+ 33. Kh3 Kxh7 34. h5 Qe2 35. Ng4 f5 36. Qh6+ Kg8 37. Qxg6+ Kh8 38. Qh6+ Kg8 39. Qxe6+ 1-0